000 00629nam a2200157Ia 4500
005 20250424120337.0
008 250424s9999 xx 000 0 und d
022 _aPN 3000 .A358 W47/
050 _aWest african theatre and performing arts journal (WATPAJO)
245 0 _aGhana
260 _aPublished by Dorcamos Tops Publishers Ltd for the Performing Arts Department, University of Ilorin, Nigeria, and Department of Theatre Studies, University of Cape Coast
260 _b2011
260 _cviii, 141 p. ; 22 cm.
300 _aTheater--Africa, West--Periodicals. Performing arts--Africa, West--Periodicals.
650 _aSR
999 _c38776
_d38776